Bliss Bliss Bliss/ (Record no. 208569)

MARC details
000 -LEADER
fixed length control field 00582nam a22001937a 4500
005 - DATE AND TIME OF LATEST TRANSACTION
control field 20250117112936.0
010 ## - LCCN (DPL NO)
LC control number ENG-143511
020 ## - INTERNATIONAL STANDARD BOOK NUMBER
Terms of availability 160.00
035 ## - SYSTEM CONTROL NUMBER
System control number EN-127043
037 ## - SOURCE OF ACQUISITION
Source of stock number/acquisition DBAD
082 ## - DEWEY DECIMAL CLASSIFICATION NUMBER
Classification number S
100 ## - MAIN ENTRY--PERSONAL NAME
Personal name Sai Vasantha
245 ## - TITLE STATEMENT
Title Bliss Bliss Bliss/
Statement of responsibility, etc By Vasantha Sai
260 ## - PUBLICATION, DISTRIBUTION, ETC. (IMPRINT)
Place of publication, distribution, etc Royapalam Village Roage, Madurai
Name of publisher, distributor, etc Sri Vasantha Sai Book and Publication Trust
270 ## - ADDRESS
Address Royapalam Village Roage, Madurai
City Madurai
Postal code 625706
Electronic mail address mukthinilayam@rediffmail.com
300 ## - PHYSICAL DESCRIPTION
Extent 187p.
Dimensions 22cm (pbk)
Other physical details Picturers
490 ## - SERIES STATEMENT
Volume number/sequential designation Part 2
942 ## - ADDED ENTRY ELEMENTS (KOHA)
Source of classification or shelving scheme Dewey Decimal Classification
Item type English Books
Classification part S
Call number suffix Sai
Holdings
Withdrawn status Lost status Materials specified (bound volume or other part) Not for loan Collection code Home library Current library Date acquired Source of acquisition Cost, normal purchase price Full call number Barcode Copy number Cost, replacement price Koha item type
    Part 2   Fiction Central Library Central Library 17/01/2025 DBAD 160.00 S SAI EN-127043 1 160.00 English Books

© Delhi Public Library
Hit Counter
free hit counter